[Event "Henderson Trusts op-B 44th"]
[Site "Henderson"]
[Date "2022.06.05"]
[Round "4"]
[White "Wang, Justin Zhide"]
[Black "Bhatt, Mantra"]
[Result "0-1"]
[WhiteElo "1598"]
[BlackElo "1531"]
[PlyCount "124"]
[EventDate "2022.06.04"]
[EventType "swiss"]
[EventRounds "6"]
[EventCountry "NZL"]
[SourceTitle "EXT 2024"]
[Source "ChessBase"]
[SourceDate "2023.10.10"]
[SourceVersion "1"]
[SourceVersionDate "2023.10.10"]
[SourceQuality "1"]

1. e4 c6 2. d4 d5 3. Nc3 dxe4 4. Nxe4 Nd7 5. Nf3 Ngf6 6. Nxf6+ Nxf6 7. Bd3 Bg4 8. h3 Bxf3 9. Qxf3 Qxd4 10. c3 Qd8 11. Bg5 e6 12. 0-0-0 Be7 13. Kb1 Nd5 14. Bxe7 Qxe7 15. Qg3 0-0-0 16. Qxg7 Rdg8 17. Qd4 e5 18. Qxa7 Kc7 19. Qa5+ Nb6 20. Bf5 Ra8 21. Qb4 Qf6 22. Qe4 Ra4 23. Qd3 Rha8 24. a3 R4a5 25. c4 h6 26. g4 Rc5 27. Rhe1 Rxc4 28. Qe3 Ra5 29. Rc1 Rd4 30. Red1 Nd5 31. Qe1 Rb5 32. Bd3 Rb6 33. Be4 Kd6 34. Bxd5 Rxd5 35. Rxd5+ cxd5 36. Qd2 e4 37. Rd1 Qe5 38. Qxh6+ f6 39. Qd2 Rb3 40. Qd4 Qxd4 41. Rxd4 Rxh3 42. Kc2 Rf3 43. Rd2 Rf4 44. b4 Rxg4 45. Kb3 b5 46. a4 bxa4+ 47. Kxa4 Rg8 48. b5 Kc5 49. Rc2+ Kd4 50. Rd2+ Kc4 51. Rc2+ Kd3 52. Rb2 Ra8+ 53. Kb4 d4 54. b6 e3 55. Rb3+ Ke4 56. fxe3 dxe3 57. b7 Rb8 58. Kc3 f5 59. Rb4+ Kf3 60. Rb3 f4 61. Rb2 e2 62. Kd2 Rd8+ 0-1